Loading...
| Current Events | 2 | 15.00 | 100% | 50% | 0% |
| Fine Arts - Classical Music | 6 | 11.67 | 100% | 17% | 0% |
| Fine Arts - Other Fine Arts | 3 | 13.33 | 100% | 33% | 0% |
| Geography | 4 | 15.00 | 75% | 50% | 25% |
| History - American History | 4 | 15.00 | 75% | 75% | 0% |
| History - European History | 1 | 10.00 | 100% | 0% | 0% |
| History - Other History | 3 | 20.00 | 100% | 67% | 33% |
| History - World History | 6 | 16.67 | 100% | 50% | 17% |
| Literature - American Literature | 8 | 12.50 | 88% | 38% | 0% |
| Literature - British Literature | 3 | 13.33 | 67% | 33% | 33% |
| Literature - European Literature | 4 | 12.50 | 100% | 25% | 0% |
| Literature - World Literature | 5 | 14.00 | 100% | 40% | 0% |
| Mythology | 5 | 6.00 | 40% | 20% | 0% |
| Painting/Sculpture | 7 | 15.71 | 86% | 43% | 29% |
| Philosophy | 4 | 10.00 | 50% | 50% | 0% |
| Pop Culture | 2 | 20.00 | 100% | 50% | 50% |
| Religion | 8 | 8.75 | 75% | 13% | 0% |
| Science - Biology | 4 | 15.00 | 100% | 25% | 25% |
| Science - Chemistry | 5 | 22.00 | 100% | 60% | 60% |
| Science - Other Science | 6 | 11.67 | 83% | 33% | 0% |
| Science - Physics | 7 | 12.86 | 100% | 29% | 0% |
| Social Science | 3 | 10.00 | 67% | 33% | 0% |